Kolozsvár - a kultúra körei. Fellegek a város felett
Elmentve itt :
| Szerző: | |
|---|---|
| Adatforrás: | Meister |
| Forrásdokumentuma: | Korunk. - 12 sz., 1999, 52-66 p. |
| Nyelv: | magyar |
| Kulcsszavak: | művelődéstörténet irodalomtörténet Kolozsvár KUNCZ Aladár KACSÓ Sándor NAGY István (író) BÁLINT Tibor KOLOZSVÁRI PAPP László IGNÁCZ Rózsa KÖNTÖS-SZABÓ Zoltán |
| LEADER | 00656nab a2200229 i 4500 | ||
|---|---|---|---|
| 001 | bibPRO00003752 | ||
| 008 | 060524s1999 xx hun | ||
| 040 | |a Sz1 | ||
| 041 | |a hun | ||
| 100 | 1 | |a KÁNTOR Lajos | |
| 245 | 1 | 0 | |a Kolozsvár - a kultúra körei. Fellegek a város felett |c KÁNTOR Lajos |
| 695 | |a művelődéstörténet | ||
| 695 | |a irodalomtörténet | ||
| 695 | |a Kolozsvár | ||
| 695 | |a KUNCZ Aladár | ||
| 695 | |a KACSÓ Sándor | ||
| 695 | |a NAGY István (író) | ||
| 695 | |a BÁLINT Tibor | ||
| 695 | |a KOLOZSVÁRI PAPP László | ||
| 695 | |a IGNÁCZ Rózsa | ||
| 695 | |a KÖNTÖS-SZABÓ Zoltán | ||
| 773 | 0 | |t Korunk. - |g 12 sz., 1999, 52-66 p. | |